| 000 | 00836nam a22002177a 4500 | ||
|---|---|---|---|
| 999 |
_c10928 _d10928 |
||
| 003 | AR-CdUCM | ||
| 008 | 190402b ||||| |||| 00| 0 spa d | ||
| 020 | _a9972-1-0160-X | ||
| 040 |
_aMUNICIPALIDAD PROVINCIAL DEL CUSCO _cBIBLIOTECA MUNICIPAL DEL CUSCO |
||
| 082 |
_aES / 373.150 / _bD79 |
||
| 100 |
_aDreifuss, Daniel _928005 |
||
| 245 | _aPsicología para todos / | ||
| 260 |
_aLima : _bBruño. |
||
| 300 |
_a182 páginas ; _bFotografías, Ilustraciones, _c27 cm. |
||
| 505 | _aContenido: La psicología como ciencia de la salud -- La psicología y su relación con otras disciplinas -- Historias de la psicología -- Métodos en psicología -- Sensación y percepción... | ||
| 650 |
_aPsicología _91538 |
||
| 650 |
_aHistoria de psicología _928006 |
||
| 650 |
_aInteligencia _91764 |
||
| 942 |
_2ddc _cLIBROS |
||
| 945 | _adavv | ||